Normal view
MARC view
- McTear M.F. & Callejas Z
Entry Personal Name
001 - CONTROL NUMBER
- control field: 195830
003 - CONTROL NUMBER IDENTIFIER
- control field: OSt
005 - DATE AND TIME OF LATEST TRANSACTION
- control field: 20230714214755.0
008 - FIXED-LENGTH DATA ELEMENTS
- fixed length control field: 230714|| aca||aabn | a|a d
040 ## - CATALOGING SOURCE
- Original cataloging agency: OSt
- Transcribing agency: OSt
100 ## - HEADING--PERSONAL NAME
- Personal name: McTear M.F. & Callejas Z
670 ## - SOURCE DATA FOUND
- Source citation: Work cat.: (OSt)211193: McTear M.F. 195829, Voice Application Development For Android, 2013